<?xml version="1.0" encoding="UTF-8"?>
<record
    xmlns:xsi="http://www.w3.org/2001/XMLSchema-instance"
    xsi:schemaLocation="http://www.loc.gov/MARC21/slim http://www.loc.gov/standards/marcxml/schema/MARC21slim.xsd"
    xmlns="http://www.loc.gov/MARC21/slim">

  <leader>01053nam a2200289 a 4500</leader>
  <controlfield tag="001">C01490680c-7</controlfield>
  <controlfield tag="003">CO-ViMGA</controlfield>
  <controlfield tag="005">20230915233556.0</controlfield>
  <controlfield tag="008">150813s2014    sp a   gr     00010 spa d</controlfield>
  <datafield tag="020" ind1=" " ind2=" ">
    <subfield code="a">9789588954110</subfield>
  </datafield>
  <datafield tag="040" ind1=" " ind2=" ">
    <subfield code="a">CO-ViMGA</subfield>
    <subfield code="b">spa</subfield>
    <subfield code="c">CO-ViMGA</subfield>
  </datafield>
  <datafield tag="043" ind1=" " ind2=" ">
    <subfield code="a">e-sp---</subfield>
  </datafield>
  <datafield tag="090" ind1=" " ind2=" ">
    <subfield code="a">NG LAR3</subfield>
  </datafield>
  <datafield tag="100" ind1="1" ind2=" ">
    <subfield code="a">Larra, Lola.</subfield>
    <subfield code="9">8279</subfield>
  </datafield>
  <datafield tag="245" ind1="1" ind2="0">
    <subfield code="a">Al sur de la alameda : </subfield>
    <subfield code="b">diario de una toma / </subfield>
    <subfield code="c">Lola Larra ; ilustrado por Vicente Reinamontes.</subfield>
  </datafield>
  <datafield tag="260" ind1=" " ind2=" ">
    <subfield code="a">Bogota : </subfield>
    <subfield code="b">Babel,</subfield>
    <subfield code="c">2016.</subfield>
  </datafield>
  <datafield tag="300" ind1=" " ind2=" ">
    <subfield code="a">285 p&#xE1;ginas : </subfield>
    <subfield code="b">ilustraciones ; </subfield>
    <subfield code="c">23 cm.</subfield>
  </datafield>
  <datafield tag="490" ind1=" " ind2=" ">
    <subfield code="a">plan Nacional de Lectura y Escritura Leer es mi cuento</subfield>
  </datafield>
  <datafield tag="500" ind1=" " ind2=" ">
    <subfield code="a">Incluye glosario.</subfield>
  </datafield>
  <datafield tag="650" ind1="1" ind2="4">
    <subfield code="a">Chile</subfield>
    <subfield code="x"> Pol&#xED;tica y gobierno</subfield>
    <subfield code="y"> 2006</subfield>
    <subfield code="v"> Novela juvenil.</subfield>
    <subfield code="9">11884</subfield>
  </datafield>
  <datafield tag="650" ind1="1" ind2="4">
    <subfield code="a">Literatura chilena</subfield>
    <subfield code="9">8280</subfield>
  </datafield>
  <datafield tag="650" ind1="1" ind2="4">
    <subfield code="a">Movimientos estudiantiles</subfield>
    <subfield code="z"> Chile</subfield>
    <subfield code="y"> 2006</subfield>
    <subfield code="v"> Novela juvenil.</subfield>
    <subfield code="9">11882</subfield>
  </datafield>
  <datafield tag="650" ind1="1" ind2="4">
    <subfield code="a">Novela grafica chilena</subfield>
    <subfield code="9">8281</subfield>
  </datafield>
  <datafield tag="650" ind1=" " ind2="6">
    <subfield code="a">Protestas sociales</subfield>
    <subfield code="z"> Chile</subfield>
    <subfield code="y"> 2006</subfield>
    <subfield code="v"> Novela juvenil.</subfield>
    <subfield code="9">11883</subfield>
  </datafield>
  <datafield tag="700" ind1="1" ind2=" ">
    <subfield code="a">Reinamontes, Vicente, </subfield>
    <subfield code="e">ilustrador.</subfield>
    <subfield code="9">11885</subfield>
  </datafield>
  <datafield tag="942" ind1=" " ind2=" ">
    <subfield code="2">ddc</subfield>
    <subfield code="c">BK</subfield>
  </datafield>
  <datafield tag="999" ind1=" " ind2=" ">
    <subfield code="c">7596</subfield>
    <subfield code="d">7596</subfield>
  </datafield>
  <datafield tag="952" ind1=" " ind2=" ">
    <subfield code="0">0</subfield>
    <subfield code="1">0</subfield>
    <subfield code="2">ddc</subfield>
    <subfield code="4">0</subfield>
    <subfield code="7">0</subfield>
    <subfield code="a">MEPRICO</subfield>
    <subfield code="b">MEPRICO</subfield>
    <subfield code="c">LIT</subfield>
    <subfield code="d">2022-12-02</subfield>
    <subfield code="l">0</subfield>
    <subfield code="o">PR000000L27</subfield>
    <subfield code="p">NGLAR3</subfield>
    <subfield code="r">2022-12-02 00:00:00</subfield>
    <subfield code="t">Ej.1</subfield>
    <subfield code="w">2022-12-02</subfield>
    <subfield code="y">BKLIT</subfield>
  </datafield>
  <datafield tag="952" ind1=" " ind2=" ">
    <subfield code="0">0</subfield>
    <subfield code="1">0</subfield>
    <subfield code="2">ddc</subfield>
    <subfield code="4">0</subfield>
    <subfield code="7">0</subfield>
    <subfield code="8">GEN</subfield>
    <subfield code="a">MEDORADO</subfield>
    <subfield code="b">MEDORADO</subfield>
    <subfield code="c">LIT</subfield>
    <subfield code="d">2023-03-02</subfield>
    <subfield code="l">0</subfield>
    <subfield code="o">NG LAR3</subfield>
    <subfield code="p">DOR02429</subfield>
    <subfield code="r">2023-03-02 00:00:00</subfield>
    <subfield code="t">Ej.1</subfield>
    <subfield code="w">2023-03-02</subfield>
    <subfield code="y">BKLIT</subfield>
  </datafield>
  <datafield tag="952" ind1=" " ind2=" ">
    <subfield code="0">0</subfield>
    <subfield code="1">0</subfield>
    <subfield code="2">ddc</subfield>
    <subfield code="4">0</subfield>
    <subfield code="7">0</subfield>
    <subfield code="8">GEN</subfield>
    <subfield code="a">MEFTEORO</subfield>
    <subfield code="b">MEFTEORO</subfield>
    <subfield code="c">LIT</subfield>
    <subfield code="d">2023-06-06</subfield>
    <subfield code="o">NG LAR3</subfield>
    <subfield code="p">Fo00001152</subfield>
    <subfield code="r">2023-06-06 00:00:00</subfield>
    <subfield code="t">Ej.1</subfield>
    <subfield code="w">2023-06-06</subfield>
    <subfield code="y">BKLIT</subfield>
  </datafield>
  <datafield tag="952" ind1=" " ind2=" ">
    <subfield code="0">0</subfield>
    <subfield code="1">0</subfield>
    <subfield code="2">ddc</subfield>
    <subfield code="4">0</subfield>
    <subfield code="7">0</subfield>
    <subfield code="8">GEN</subfield>
    <subfield code="a">MESMARTI</subfield>
    <subfield code="b">MESMARTI</subfield>
    <subfield code="c">LIT</subfield>
    <subfield code="d">2023-07-14</subfield>
    <subfield code="l">0</subfield>
    <subfield code="o">NG LAR3</subfield>
    <subfield code="p">SM0002111</subfield>
    <subfield code="r">2023-07-14 00:00:00</subfield>
    <subfield code="t">Ej.1</subfield>
    <subfield code="w">2023-07-14</subfield>
    <subfield code="y">BKLIT</subfield>
  </datafield>
  <datafield tag="952" ind1=" " ind2=" ">
    <subfield code="0">0</subfield>
    <subfield code="1">0</subfield>
    <subfield code="2">ddc</subfield>
    <subfield code="4">0</subfield>
    <subfield code="7">0</subfield>
    <subfield code="8">GEN</subfield>
    <subfield code="a">MECUBARR</subfield>
    <subfield code="b">MECUBARR</subfield>
    <subfield code="c">LIT</subfield>
    <subfield code="d">2023-08-02</subfield>
    <subfield code="l">0</subfield>
    <subfield code="o">NG LAR3</subfield>
    <subfield code="p">CUB01789</subfield>
    <subfield code="r">2023-08-02 19:27:26</subfield>
    <subfield code="t">Ej.1</subfield>
    <subfield code="w">2023-08-02</subfield>
    <subfield code="y">BKLIT</subfield>
  </datafield>
  <datafield tag="952" ind1=" " ind2=" ">
    <subfield code="0">0</subfield>
    <subfield code="1">0</subfield>
    <subfield code="2">ddc</subfield>
    <subfield code="4">0</subfield>
    <subfield code="7">0</subfield>
    <subfield code="8">003</subfield>
    <subfield code="a">MEVIECAR</subfield>
    <subfield code="b">MEVIECAR</subfield>
    <subfield code="d">2018-02-15</subfield>
    <subfield code="l">2</subfield>
    <subfield code="m">1</subfield>
    <subfield code="o">NG LAR3</subfield>
    <subfield code="p">031760</subfield>
    <subfield code="r">2023-02-23 00:00:00</subfield>
    <subfield code="s">2022-10-14</subfield>
    <subfield code="w">2018-02-15</subfield>
    <subfield code="y">BK</subfield>
  </datafield>
  <datafield tag="952" ind1=" " ind2=" ">
    <subfield code="0">0</subfield>
    <subfield code="1">0</subfield>
    <subfield code="2">ddc</subfield>
    <subfield code="4">0</subfield>
    <subfield code="7">0</subfield>
    <subfield code="8">GEN</subfield>
    <subfield code="a">MECABUYA</subfield>
    <subfield code="b">MECABUYA</subfield>
    <subfield code="c">LIT</subfield>
    <subfield code="d">2023-09-26</subfield>
    <subfield code="l">0</subfield>
    <subfield code="o">NG LAR3</subfield>
    <subfield code="p">CAB000761</subfield>
    <subfield code="r">2023-09-26 20:27:34</subfield>
    <subfield code="t">Ej.1</subfield>
    <subfield code="w">2023-09-26</subfield>
    <subfield code="y">BK</subfield>
  </datafield>
  <datafield tag="952" ind1=" " ind2=" ">
    <subfield code="0">0</subfield>
    <subfield code="1">0</subfield>
    <subfield code="2">ddc</subfield>
    <subfield code="4">0</subfield>
    <subfield code="7">0</subfield>
    <subfield code="8">GEN</subfield>
    <subfield code="a">MESGUARO</subfield>
    <subfield code="b">MESGUARO</subfield>
    <subfield code="c">LIT</subfield>
    <subfield code="d">2024-06-05</subfield>
    <subfield code="l">0</subfield>
    <subfield code="o">NG LAR3</subfield>
    <subfield code="p">SG01827</subfield>
    <subfield code="r">2024-06-05 15:54:18</subfield>
    <subfield code="t">Ej.1</subfield>
    <subfield code="w">2024-06-05</subfield>
    <subfield code="y">BK</subfield>
  </datafield>
  <datafield tag="952" ind1=" " ind2=" ">
    <subfield code="0">0</subfield>
    <subfield code="1">0</subfield>
    <subfield code="2">ddc</subfield>
    <subfield code="4">0</subfield>
    <subfield code="7">0</subfield>
    <subfield code="8">GEN</subfield>
    <subfield code="a">MECUMARA</subfield>
    <subfield code="b">MECUMARA</subfield>
    <subfield code="c">LIT</subfield>
    <subfield code="d">2024-07-18</subfield>
    <subfield code="l">0</subfield>
    <subfield code="o">NGLAR3</subfield>
    <subfield code="p">CUM1143</subfield>
    <subfield code="r">2024-07-18 16:24:25</subfield>
    <subfield code="t">Ej.1</subfield>
    <subfield code="w">2024-07-18</subfield>
    <subfield code="y">BK</subfield>
  </datafield>
  <datafield tag="952" ind1=" " ind2=" ">
    <subfield code="0">0</subfield>
    <subfield code="1">0</subfield>
    <subfield code="2">ddc</subfield>
    <subfield code="4">0</subfield>
    <subfield code="7">0</subfield>
    <subfield code="8">GEN</subfield>
    <subfield code="a">MEURIBE</subfield>
    <subfield code="b">MEURIBE</subfield>
    <subfield code="c">LIT</subfield>
    <subfield code="d">2024-10-01</subfield>
    <subfield code="l">0</subfield>
    <subfield code="o">NG LAR3	</subfield>
    <subfield code="p">URI01580</subfield>
    <subfield code="r">2024-10-01 17:22:53</subfield>
    <subfield code="t">Ej.1</subfield>
    <subfield code="w">2024-10-01</subfield>
    <subfield code="y">BKLIT</subfield>
  </datafield>
  <datafield tag="952" ind1=" " ind2=" ">
    <subfield code="0">0</subfield>
    <subfield code="1">0</subfield>
    <subfield code="2">ddc</subfield>
    <subfield code="4">0</subfield>
    <subfield code="7">0</subfield>
    <subfield code="a">MEMESETA</subfield>
    <subfield code="b">MEMESETA</subfield>
    <subfield code="c">LIT</subfield>
    <subfield code="d">2024-10-24</subfield>
    <subfield code="k">9789588954110</subfield>
    <subfield code="l">0</subfield>
    <subfield code="o">NG LAR3</subfield>
    <subfield code="p">ME000538</subfield>
    <subfield code="r">2024-10-24 10:23:03</subfield>
    <subfield code="t">Ej.1</subfield>
    <subfield code="w">2024-10-24</subfield>
    <subfield code="y">BK</subfield>
  </datafield>
  <datafield tag="952" ind1=" " ind2=" ">
    <subfield code="0">0</subfield>
    <subfield code="1">0</subfield>
    <subfield code="2">ddc</subfield>
    <subfield code="4">0</subfield>
    <subfield code="7">0</subfield>
    <subfield code="8">GEN</subfield>
    <subfield code="a">MECASARI</subfield>
    <subfield code="b">MECASARI</subfield>
    <subfield code="c">LIT</subfield>
    <subfield code="d">2024-11-09</subfield>
    <subfield code="l">0</subfield>
    <subfield code="o">LAR3  Ej.1</subfield>
    <subfield code="p">BM000268</subfield>
    <subfield code="r">2024-11-09 14:00:11</subfield>
    <subfield code="t">Ej.1</subfield>
    <subfield code="w">2024-11-09</subfield>
    <subfield code="y">BK</subfield>
  </datafield>
  <datafield tag="952" ind1=" " ind2=" ">
    <subfield code="0">0</subfield>
    <subfield code="1">0</subfield>
    <subfield code="4">0</subfield>
    <subfield code="7">0</subfield>
    <subfield code="8">012</subfield>
    <subfield code="a">MEVIGERR</subfield>
    <subfield code="b">MEVIGERR</subfield>
    <subfield code="c">LIT</subfield>
    <subfield code="d">2017-05-18</subfield>
    <subfield code="o">NG LAR3</subfield>
    <subfield code="p">ECA25520</subfield>
    <subfield code="r">2024-11-26 09:17:18</subfield>
    <subfield code="t">Ej.1</subfield>
    <subfield code="w">2024-11-26</subfield>
    <subfield code="y">BK</subfield>
    <subfield code="z">19306 | 24677</subfield>
  </datafield>
  <datafield tag="952" ind1=" " ind2=" ">
    <subfield code="0">0</subfield>
    <subfield code="1">0</subfield>
    <subfield code="2">ddc</subfield>
    <subfield code="4">0</subfield>
    <subfield code="7">0</subfield>
    <subfield code="8">GEN</subfield>
    <subfield code="a">MEPLLERAS</subfield>
    <subfield code="b">MEPLLERAS</subfield>
    <subfield code="c">LIT</subfield>
    <subfield code="d">2025-03-31</subfield>
    <subfield code="l">0</subfield>
    <subfield code="o">NG LAR3</subfield>
    <subfield code="p">PLL02130</subfield>
    <subfield code="r">2025-03-31 12:51:52</subfield>
    <subfield code="t">Ej.1</subfield>
    <subfield code="w">2025-03-31</subfield>
    <subfield code="y">BKLIT</subfield>
  </datafield>
  <datafield tag="952" ind1=" " ind2=" ">
    <subfield code="0">0</subfield>
    <subfield code="1">0</subfield>
    <subfield code="2">ddc</subfield>
    <subfield code="4">0</subfield>
    <subfield code="7">0</subfield>
    <subfield code="a">MEVHERMO</subfield>
    <subfield code="b">MEVHERMO</subfield>
    <subfield code="d">2025-06-13</subfield>
    <subfield code="k">NG LAR3 EJ.1</subfield>
    <subfield code="l">0</subfield>
    <subfield code="p">VIST   0002386</subfield>
    <subfield code="r">2025-06-13 15:33:41</subfield>
    <subfield code="t">Ej.1</subfield>
    <subfield code="w">2025-06-13</subfield>
    <subfield code="y">BK</subfield>
  </datafield>
  <datafield tag="952" ind1=" " ind2=" ">
    <subfield code="0">0</subfield>
    <subfield code="1">0</subfield>
    <subfield code="2">ddc</subfield>
    <subfield code="4">0</subfield>
    <subfield code="7">0</subfield>
    <subfield code="8">GEN</subfield>
    <subfield code="a">MEPLOPEZ</subfield>
    <subfield code="b">MEPLOPEZ</subfield>
    <subfield code="c">GEN</subfield>
    <subfield code="d">2025-09-26</subfield>
    <subfield code="l">0</subfield>
    <subfield code="p">PLZ04063</subfield>
    <subfield code="r">2025-09-26 16:57:59</subfield>
    <subfield code="t">Ej.1</subfield>
    <subfield code="w">2025-09-26</subfield>
    <subfield code="y">BK</subfield>
  </datafield>
  <datafield tag="952" ind1=" " ind2=" ">
    <subfield code="0">0</subfield>
    <subfield code="1">0</subfield>
    <subfield code="2">lcc</subfield>
    <subfield code="4">0</subfield>
    <subfield code="7">0</subfield>
    <subfield code="8">012</subfield>
    <subfield code="a">MESJUANI</subfield>
    <subfield code="b">MESJUANI</subfield>
    <subfield code="c">LIT</subfield>
    <subfield code="d">2026-03-12</subfield>
    <subfield code="l">0</subfield>
    <subfield code="o">NG LAR3</subfield>
    <subfield code="p">SJU02945</subfield>
    <subfield code="r">2026-03-12 19:26:54</subfield>
    <subfield code="t">Ej.1</subfield>
    <subfield code="w">2026-03-12</subfield>
    <subfield code="y">BKLIT</subfield>
  </datafield>
</record>
